Power System Restructuring and Deregulation (Record no. 245773)

MARC details
000 -LEADER
fixed length control field 00476nam a2200193Ia 4500
008 - FIXED-LENGTH DATA ELEMENTS--GENERAL INFORMATION
fixed length control field 240913s9999||||xx |||||||||||||| ||und||
020 ## - INTERNATIONAL STANDARD BOOK NUMBER
International Standard Book Number 0 47149500 X
082 ## - DEWEY DECIMAL CLASSIFICATION NUMBER
-- 621.3191 P2
100 ## - MAIN ENTRY--PERSONAL NAME
Personal name Lai,Loi Lei Ed.
245 #0 - TITLE STATEMENT
Title Power System Restructuring and Deregulation
250 ## - EDITION STATEMENT
Edition statement 1st
260 ## - PUBLICATION, DISTRIBUTION, ETC. (IMPRINT)
Date of publication, distribution, etc 2002
Name of publisher, distributor, etc John Wiely, Ne
500 ## - GENERAL NOTE
General note REFERENCE
650 ## - SUBJECT ADDED ENTRY--TOPICAL TERM
Topical term or geographic name as entry element Power System
942 ## - ADDED ENTRY ELEMENTS (KOHA)
Item type Reference
Holdings
Withdrawn status Lost status Damaged status Permanent location Current location Shelving location Date acquired Source of acquisition Cost, normal purchase price Full call number Barcode Date last seen Koha item type
      CENTRAL LIBRARY, NOORUL ISLAM CENTRE FOR HIGHER EDUCATION CENTRAL LIBRARY, NOORUL ISLAM CENTRE FOR HIGHER EDUCATION   12/17/2008 TBH Library Book Suppliers 9492.00 621.3191 P2 33816 09/13/2024 Reference
Visitors:
Copyright © 2024 Central Library NICHE.  All rights reserved.